000 00363 a2200157 4500
001 175982
020 _a
040 _cMagnum
100 _aMarques, Adhemar Martins
240 1 0 _aHistoria: os caminhos do homem/v.4
_lpor
245 1 0 _aHistoria: os caminhos do homem/v.4
362 0 _a1899
440 1 _aLĂȘ
697 _aMAGNITO: PARADIDATICO
942 _cBK
999 _c175982
_d175982